NORMA Suomi erikoisluettelo, 1845-1979 = NORMA Finland special catalogue, 1845-1979 / NORMA Suomi - Finland 1980 (Record no. 108)

000 -LEADER
fixed length control field 00377nam a22001217a 4500
003 - CONTROL NUMBER IDENTIFIER
control field OSt
008 - FIXED-LENGTH DATA ELEMENTS--GENERAL INFORMATION
fixed length control field 110509b xxu||||| |||| 00| 0 eng d
041 ## - LANGUAGE CODE
Language code of text/sound track or separate title eng
100 1# - MAIN ENTRY--PERSONAL NAME
Personal name Oy, Suomen Postimerkkeily
245 10 - TITLE STATEMENT
Title NORMA Suomi erikoisluettelo, 1845-1979 = NORMA Finland special catalogue, 1845-1979 / NORMA Suomi - Finland 1980
260 ## - PUBLICATION, DISTRIBUTION, ETC. (IMPRINT)
Name of publisher, distributor, etc. Suomen Postimerkkeily Oy,
300 ## - PHYSICAL DESCRIPTION
Extent 0 pages
Holdings
Withdrawn status Lost status Source of classification or shelving scheme Materials specified (bound volume or other part) Damaged status Not for loan Permanent location Current location Date acquired Total Checkouts Full call number Barcode Date last seen Price effective from Koha item type
      Book     Northern Philatelic Library Northern Philatelic Library 05/09/2011   G6960 A1 N842 1000112 06/27/2015 06/27/2015 Books

Powered by Koha